President Records and Firsts Quiz Stats

Quiz not verified by Sporcle

Challenge
Share
Tweet
Embed
Score 0/34 Timer 10:00
0 Plays Today
% Correct
George Washington
92%
John Adams
80%
John Adams
80%
Barack Obama
70%
Theodore Roosevelt
60%
Abraham Lincoln
60%
Abraham Lincoln
60%
Franklin D Roosevelt
58%
Ronald Reagan
56%
Richard Nixon
56%
Richard Nixon
56%
Ronald Reagan
56%
William Howard Taft
54%
Andrew Jackson
52%
Andrew Jackson
52%
John F Kennedy
50%
John Tyler
50%
% Correct
John Tyler
50%
John F Kennedy
50%
Gerald R Ford
50%
William Henry Harrison
48%
William Henry Harrison
48%
William Henry Harrison
48%
James A. Garfield
48%
Woodrow Wilson
48%
Lydon B Johnson
48%
Harry S Truman
46%
Grover Cleveland
44%
Warren G Harding
44%
Martin Van Buren
40%
James K Polk
40%
James Buchanan
40%
Theodore RooseveltRoosevelt
2%
0%

You're not logged in!

Compare scores with friends on all Sporcle quizzes.
Join for Free
OR
Log In

You Might Also Like...

Show Comments

Extras

Top Quizzes Today


Score Distribution

Your Account Isn't Verified!

In order to create a playlist on Sporcle, you need to verify the email address you used during registration. Go to your Sporcle Settings to finish the process.

Report this User

Report this user for behavior that violates our Community Guidelines.

Details: